Հայ-թուրքական ընդհարումը Կովկասում (1905-1906 թ.) : (Record no. 122792)
[ view plain ]
| 000 -LEADER | |
|---|---|
| fixed length control field | 00787nam a2200193 a 4500 |
| 001 - CONTROL NUMBER | |
| control field | 000328449 |
| 003 - CONTROL NUMBER IDENTIFIER | |
| control field | AM-YeHGA |
| 005 - DATE AND TIME OF LATEST TRANSACTION | |
| control field | 20250617130716.0 |
| 008 - FIXED-LENGTH DATA ELEMENTS--GENERAL INFORMATION | |
| fixed length control field | 040419s1907 ai 000 | arm d |
| 040 ## - CATALOGING SOURCE | |
| Original cataloging agency | AM-YeHGA |
| 041 0# - LANGUAGE CODE | |
| Language code of text/sound track or separate title | arm |
| 090 ## - LOCALLY ASSIGNED LC-TYPE CALL NUMBER (OCLC); LOCAL CALL NUMBER (RLIN) | |
| -- | 124145 |
| 245 10 - TITLE STATEMENT | |
| Title | Հայ-թուրքական ընդհարումը Կովկասում (1905-1906 թ.) : |
| Remainder of title | (Փաստական, վիճակագրական, տեղագրական լուսաբանութիւններով) / |
| Statement of responsibility, etc. | Ա-Դօ. |
| 260 ## - PUBLICATION, DISTRIBUTION, ETC. | |
| Place of publication, distribution, etc. | Երեւան : |
| Name of publisher, distributor, etc. | տպ. Այվազեանց և Նազարեանց, |
| Date of publication, distribution, etc. | 1907. |
| 300 ## - PHYSICAL DESCRIPTION | |
| Extent | 464 էջ : |
| Other physical details | աղյս. ; |
| Dimensions | 21 սմ. |
| 500 ## - GENERAL NOTE | |
| General note | Տողատ. ծանոթ. |
| 650 14 - SUBJECT ADDED ENTRY--TOPICAL TERM | |
| Topical term or geographic name entry element | Հայ-թուրքական հարաբերություններ |
| 650 14 - SUBJECT ADDED ENTRY--TOPICAL TERM | |
| Topical term or geographic name entry element | Պատմություն |
| Geographic subdivision | Կովկաս |
| Active dates | 1905-1906 |
| Withdrawn status | Lost status | Damaged status | Not for loan | Collection | Home library | Current library | Date acquired | Total checkouts | Full call number | Barcode | Date last seen | Price effective from | Koha item type | Public note | Source of classification or shelving scheme |
|---|---|---|---|---|---|---|---|---|---|---|---|---|---|---|---|
| General | Fundamental Scientific Library | Fundamental Scientific Library | 22/12/2016 | AII/57239 | 220057239 | 22/12/2016 | 22/12/2016 | Գրքեր / Books | 30 Days Loan | ||||||
| General | Fundamental Scientific Library | Fundamental Scientific Library | 22/12/2016 | AII/57240 | 220057240 | 22/12/2016 | 22/12/2016 | Գրքեր / Books | 30 Days Loan | ||||||
| Pogharian Individual Collection | Fundamental Scientific Library | Fundamental Scientific Library | 22/12/2016 | Պող/546 | FL0316594 | 22/12/2016 | 22/12/2016 | Գրքեր / Books | ILL Non-Circ. | Universal Decimal Classification |
ՀՀ Գիտությունների ազգային ակադեմիայի հիմնարար գիտական գրադարան = Fundamental Scientific Library of NAS RA
All site content, except where otherwise noted, is licensed under a